UBT Library

Dynamic social studies for elementary classrooms / (Record no. 41559)

000 -LEADER
fixed length control field 00738cam a2200241 a 4500
001 - CONTROL NUMBER
control field 12800035
005 - DATE AND TIME OF LATEST TRANSACTION
control field 20180201092832.0
008 - FIXED-LENGTH DATA ELEMENTS--GENERAL INFORMATION
fixed length control field 020603s2003 njuab b 001 0 eng
010 ## - LIBRARY OF CONGRESS CONTROL NUMBER
LC control number 2002075346
020 ## - INTERNATIONAL STANDARD BOOK NUMBER
International Standard Book Number 0130488453
040 ## - CATALOGING SOURCE
Original cataloging agency DLC
Transcribing agency DLC
Modifying agency DLC
041 ## - LANGUAGE CODE
Language code of text/sound track or separate title eng
043 ## - GEOGRAPHIC AREA CODE
Geographic area code n-us---
080 ## - UNIVERSAL DECIMAL CLASSIFICATION NUMBER
Universal Decimal Classification number 372.83044 MAX
082 00 - DEWEY DECIMAL CLASSIFICATION NUMBER
Classification number 372.83044 MAX
Edition number 21
100 1# - Rafti
Rafti 47
101 ## - Shkurtesa
Shkurtesa EDU
245 10 - TITLE STATEMENT
Title Dynamic social studies for elementary classrooms /
Statement of responsibility, etc George W. Maxim.
504 ## - BIBLIOGRAPHY, ETC. NOTE
Bibliography, etc Includes bibliographical references and indexes.
906 ## - LOCAL DATA ELEMENT F, LDF (RLIN)
a 7
b cbc
c orignew
d 1
e ocip
f 20
g y-gencatlg
942 ## - ADDED ENTRY ELEMENTS (KOHA)
Source of classification or shelving scheme
Item type Books
Holdings
Withdrawn status Lost status Source of classification or shelving scheme Damaged status Not for loan Collection code Permanent location Current location Shelving location Date acquired Total Checkouts Full call number Barcode Date last seen Price effective from Koha item type
          Koleksioni i përgjithshem UBT - Lipjan UBT - Lipjan Koleksioni i përgjithshem 02/01/2018   372.83044 MAX 002-2997624 02/01/2018 02/01/2018 Books
UBT Library © 2015-2024. All rights reserved University Education for Business and Technology